000 00314nam a2200145Ia 4500
100 _aAnderson/ LEAVER
650 _aPRODUCTION
942 _cBK
366 _f25
245 _aMaterials Science For Engineers
260 _bNELSON THRONES
_c1990
082 _a620.11/AND/LEA
300 _a664
546 _aENGLISH
999 _c22998
_d22998